000 00483nam a2200157 4500
001 131867
003 ES-MaACL
005 20230906194048.0
007 t|
008 070214s1971 sp r ||||1| spa d
100 1 _aRodríguez-Moñino, Antonio.
_998681
245 1 3 _aLa imprenta de don Antonio de Sancha
_b: (1771-1790) /
_cpor Antonio Rodríguez-Moñino.
260 _aMadrid :
_bCastalia,
_c1971.
300 _a463 p., 7 lám. ;
_c21 cm.
852 _aES-MaACL
_jC-41447
_bR.78766
999 _c131867
_d131867